[Event "Open Aubagne 2024/25"]
[Site "AubagneGNE"]
[Date "2024.11.30"]
[Round "4.13"]
[Board "13"]
[White "Bouidh, Sonia"]
[Black "Arlot, Bastien"]
[Result "0-1"]
[WhiteElo "1475"]
[BlackElo "1560"]
[PlyCount "134"]
[GameId "2118063115530540"]
[WhiteTeam "Marseille Passion Echecs"]
[BlackTeam "Hay Chess"]

1. e4 e5 2. Nf3 Nc6 3. Bb5 f5 4. Nc3 fxe4 5. Nxe4 Nf6 6. d3 Nxe4 7. dxe4 d6 8. Qd5 Bd7 9. Ng5 Qe7 10. Bc4 Nd8 11. f4 h6 12. Nf3 Bc6 13. Qd3 exf4 14. Bb5 Bxb5 15. Qxb5+ c6 16. Qe2 g5 17. Nd4 Nf7 18. Bd2 O-O-O 19. O-O-O Re8 20. Qg4+ Qd7 21. Qf5 Qxf5 22. exf5 Bg7 23. Ne6 Bf6 24. Be1 d5 25. Bf2 Kb8 26. Rd3 Nd6 27. Rb3 Nxf5 28. Nc5 Rh7 29. Nd3 Bd4 30. Bxd4 Nxd4 31. Rb4 Re4 32. Re1 Rxe1+ 33. Nxe1 Nf5 34. Kd2 Re7 35. c4 Re4 36. b3 dxc4 37. bxc4 Kc7 38. Nc2 Ne3 39. Nxe3 Rxe3 40. a4 Ra3 41. Ke2 c5 42. Rb2 Rxa4 43. Kf3 h5 44. Rd2 Ra3+ 45. Ke4 Kc6 46. Kf5 f3 47. Kxg5 fxg2 48. Rxg2 Rh3 49. Kh6 Kb6 50. Rb2+ Ka5 51. Kg6 a6 52. Kf6 b5 53. Ke6 Rd3 54. Ke5 Rd4 55. cxb5 axb5 56. Rc2 Rc4 57. Ra2+ Kb4 58. Kd5 Kb3 59. Ra6 b4 60. Rh6 Rh4 61. Kxc5 Rxh2 62. Rb6 Rc2+ 63. Kd4 h4 64. Rh6 Rc3 65. Kd5 h3 66. Kd4 Kb2 67. Rh4 b3 0-1

[Event "Open Aubagne 2024/25"]
[Site "Aubagne"]
[Date "2024.11.30"]
[Round "4.14"]
[White "Leonti, Denis"]
[Black "Normand, Christophe"]
[Result "1-0"]
[WhiteElo "1500"]
[BlackElo "1547"]
[PlyCount "83"]
[WhiteTeam "Hay Chess"]
[BlackTeam "Club d'Echecs Pennois (CEP)"]

1. e4 e5 2. Nf3 d6 3. Bc4 Be7 4. c3 Nc6 5. d4 exd4 6. cxd4 Nf6 7. d5 Nb8 8. Nc3
O-O 9. O-O Nbd7 10. Re1 a6 11. a4 h6 12. e5 Ne8 13. Bf4 dxe5 14. Nxe5 Nxe5 15.
Bxe5 Nd6 16. Bd3 Bf6 17. Qh5 Bxe5 18. Rxe5 f5 19. Rae1 Qg5 20. Qxg5 hxg5 21.
Re7 c6 22. dxc6 bxc6 23. Rc7 Rf7 24. Rxc6 Ne4 25. Nxe4 fxe4 26. Bc4 Kf8 27.
Bxf7 Kxf7 28. Rxe4 Bd7 29. Rc7 Rd8 30. g3 Kf6 31. Kg2 Be6 32. Rc6 Re8 33. Rxa6
Kf5 34. Raxe6 Rxe6 35. Rxe6 Kxe6 36. Kf3 Ke5 37. b4 Kf5 38. g4+ Ke5 39. a5 Kd6
40. Ke4 g6 41. f4 gxf4 42. Kxf4 1-0

[Event "Open Aubagne 2024/25"]
[Site "Aubagne"]
[Date "2024.11.30"]
[Round "4.15"]
[White "Moerenhout, Jean Claude"]
[Black "Dessagnes, Enzo"]
[Result "0-1"]
[WhiteElo "1540"]
[BlackElo "1299"]
[PlyCount "76"]
[WhiteTeam "Cercle d'Echecs Aubagnais"]
[BlackTeam "Cercle d'Echecs Aubagnais"]

1. e4 c5 2. c3 Nc6 3. Nf3 d6 4. d4 cxd4 5. cxd4 Bg4 6. h3 Bxf3 7. Qxf3 Nxd4 8.
Qc3 Nc6 9. Bb5 Rc8 10. O-O a6 11. Bxc6+ Rxc6 12. Qg3 Nf6 13. Nd2 g6 14. Re1 Bg7
15. Nf3 O-O 16. Rb1 Nh5 17. Qg5 Qd7 18. Bd2 Rc2 19. Bc3 Bxc3 20. bxc3 Rxc3 21.
Qh6 Ra3 22. Ng5 Nf6 23. Rbd1 Qc6 24. e5 dxe5 25. Re4 Qc2 26. Rde1 Rxa2 27. R4e2
Qc4 28. Rxe5 e6 29. R5e4 Qc5 30. Rf4 Qc3 31. Rf1 Re8 32. Rxf6 Qxf6 33. Nxh7 Qg7
34. Qh4 Qxh7 35. Qc4 Rb2 36. Qc3 Rb5 37. Qd3 Qh4 38. Qd7 Qe7 0-1

[Event "Open Aubagne 2024/25"]
[Site "Aubagne"]
[Date "2024.11.30"]
[Round "4.16"]
[White "Turpin, Isabelle"]
[Black "Roux, Jean-Marie"]
[Result "0-1"]
[WhiteElo "1450"]
[BlackElo "1498"]
[PlyCount "88"]
[WhiteTeam "Cercle d'Echecs Aubagnais"]
[BlackTeam "L'Echiquier du Roy René"]

1. Nf3 Nf6 2. d4 d5 3. e3 Bg4 4. Nbd2 e6 5. h3 Bh5 6. c4 dxc4 7. Qa4+ c6 8.
Qxc4 Be7 9. Be2 O-O 10. O-O Nbd7 11. Qc2 a5 12. Ne4 Nd5 13. a3 Rc8 14. h4 Bxh4
15. g3 Be7 16. Kg2 b5 17. Bd2 Re8 18. Rh1 Bg6 19. Rh2 a4 20. Bd3 Bf8 21. Nh4
N7f6 22. Nxg6 fxg6 23. Nxf6+ Qxf6 24. Rah1 h6 25. Bxg6 Re7 26. Bh7+ Kh8 27. Bg6
Rd7 28. e4 Qxg6 29. f4 Nf6 30. f5 exf5 31. exf5 Qf7 32. Bg5 Rxd4 33. Qc1 Ng4
34. Rh4 Qxf5 35. Be3 Qe4+ 36. Kh3 Rd3 37. Re1 Qf5 38. Rxg4 h5 39. Kg2 hxg4 40.
Rh1+ Kg8 41. Bf4 Qe4+ 42. Kg1 Bc5+ 43. Qxc5 Rd1+ 44. Kf2 Qf3# 0-1

[Event "Open Aubagne 2024/25"]
[Site "Aubagne"]
[Date "2024.11.30"]
[Round "4.17"]
[White "Periale, Albert"]
[Black "Mouhieddine, Marouane"]
[Result "1-0"]
[WhiteElo "1480"]
[BlackElo "1299"]
[PlyCount "83"]
[WhiteTeam "Cercle d'Echecs Aubagnais"]
[BlackTeam "Cassis Echecs"]

1. d4 d5 2. Nf3 Nc6 3. c3 Nf6 4. Bf4 Bf5 5. h3 e6 6. e3 a6 7. Bd3 Bg6 8. Bxg6
hxg6 9. Ne5 Nxe5 10. Bxe5 Bd6 11. Bxd6 Qxd6 12. Nd2 O-O-O 13. a3 e5 14. dxe5
Qxe5 15. Nf3 Qf5 16. Nd4 Qg5 17. Qf3 Ne4 18. O-O-O f6 19. Ne6 Qh5 20. g4 Ng5
21. gxh5 Nxf3 22. Nxd8 Kxd8 23. Rxd5+ Kc8 24. hxg6 Ne5 25. f4 Nxg6 26. b4 c6
27. Rd4 Re8 28. Rd3 b6 29. h4 c5 30. bxc5 bxc5 31. c4 f5 32. h5 Ne7 33. h6 Rh8
34. h7 Kc7 35. Kd2 Nc6 36. Kc3 Kb6 37. Rd6 Kc7 38. Rg6 Kb6 39. Rxg7 Ka5 40. Rg8
Ka4 41. Rxh8 Kxa3 42. Ra1# 1-0

[Event "Open Aubagne 2024/25"]
[Site "Aubagne"]
[Date "2024.11.30"]
[Round "4.18"]
[White "Roganova, Jeremy"]
[Black "Engles, Simeon"]
[Result "1-0"]
[WhiteElo "1449"]
[BlackElo "1299"]
[PlyCount "47"]
[WhiteTeam "Cercle d'Echecs Aubagnais"]
[BlackTeam "Hay Chess"]

1. e4 e5 2. Nf3 Nc6 3. Bc4 Nf6 4. d3 Bb4+ 5. c3 Bc5 6. Nbd2 O-O 7. O-O d5 8.
exd5 Nxd5 9. b4 Bb6 10. Qb3 Nf4 11. b5 Na5 12. Qc2 Nxc4 13. Nxc4 Bc5 14. Ncxe5
Bf5 15. Bxf4 Bd6 16. Qb3 Bxe5 17. Nxe5 Bxd3 18. Rfd1 c6 19. Rxd3 Qb6 20. Rg3
Rad8 21. Bh6 Rd5 22. Bxg7 Re8 23. Bh6+ Kh8 24. Nxf7# 1-0

[Event "Open Aubagne 2024/25"]
[Site "Aubagne"]
[Date "2024.11.30"]
[Round "4.19"]
[White "Camus, Evan"]
[Black "Portes, Daniel"]
[Result "1-0"]
[WhiteElo "1437"]
[BlackElo "1399"]
[PlyCount "95"]
[WhiteTeam "Hay Chess"]
[BlackTeam "Hay Chess"]

1. Nf3 Nf6 2. d4 d5 3. c4 dxc4 4. g3 Nc6 5. Nc3 e6 6. Bg2 Bb4 7. O-O Bxc3 8.
bxc3 O-O 9. Qa4 Re8 10. Qxc4 Qd5 11. Qd3 Qf5 12. Qc4 Qd5 13. Qxd5 exd5 14. Bf4
Re7 15. Nd2 Rxe2 16. Rfe1 Rxe1+ 17. Rxe1 Be6 18. Bxc7 Rc8 19. Bd6 Ne8 20. Bf4
Kf8 21. Nb3 b6 22. Nc1 Ne7 23. Ne2 Ng6 24. Bd2 h5 25. h4 Nc7 26. Rc1 Ne7 27.
Nf4 Bg4 28. f3 Be6 29. Nxh5 Ng8 30. Nf4 Rd8 31. Kf2 Nf6 32. Bf1 g6 33. Be3 Kg7
34. c4 dxc4 35. Bxc4 Bxc4 36. Rxc4 Ncd5 37. Nxd5 Nxd5 38. g4 Nxe3 39. Kxe3 Re8+
40. Kf4 Re7 41. Rc6 f6 42. d5 Kf7 43. d6 Rd7 44. Rc7 Ke6 45. Rxd7 Kxd7 46. h5
gxh5 47. gxh5 Kxd6 48. h6 1-0

[Event "Open Aubagne 2024/25"]
[Site "Aubagne"]
[Date "2024.11.30"]
[Round "4.20"]
[White "Belaid, Myriam"]
[Black "Pouliquen, Gilbert"]
[Result "1-0"]
[WhiteElo "1399"]
[BlackElo "1419"]
[PlyCount "51"]
[WhiteTeam "Cercle d'Echecs Aubagnais"]
[BlackTeam "Echiquier Marseillais 1872"]

1. c4 e5 2. d3 Nf6 3. Nc3 Bb4 4. Bd2 O-O 5. g3 d5 6. cxd5 Nxd5 7. Bg2 Nxc3 8.
bxc3 Bc5 9. Nf3 Nd7 10. O-O Rb8 11. d4 exd4 12. cxd4 Bd6 13. e4 Re8 14. Re1 b5
15. e5 Ba3 16. Qb3 b4 17. Ng5 Re7 18. Bd5 g6 19. Bxf7+ Kh8 20. Re4 Nf8 21. Rh4
Bf5 22. Bf4 Qxd4 23. Rd1 Qb2 24. Qd5 Qc2 25. e6 b3 26. Qe5# 1-0

[Event "Open Aubagne 2024/25"]
[White "Madi, Walid"]
[Black "Maggio, Lucas"]
[Site "AubagneGNE"]
[Round "5.1"]
[Board "1"]
[Result "1/2-1/2"]
[Date "2024.12.14"]
[WhiteElo "1760"]
[BlackElo "1775"]
[PlyCount "60"]
[GameId "2123122638831656"]
[WhiteTeam "Cercle d'Echecs Aubagnais"]
[BlackTeam "Cercle d'Echecs Aubagnais"]

1. d4 d5 2. c4 e6 3. Nc3 Nf6 4. cxd5 exd5 5. Bg5 c6 6. e3 Bd6 7. Bd3 O-O 8. Qc2 h6 9. Bh4 Re8 10. Nf3 a5 11. O-O Na6 12. a3 Bg4 13. Nd2 Bd7 14. e4 Bxh2+ 15. Kxh2 Ng4+ 16. Kg3 g5 17. Nf3 gxh4+ 18. Nxh4 dxe4 19. Nxe4 Qc7+ 20. f4 Ne3 21. Qc3 Nd5 22. Qd2 f5 23. Nc3 Re3+ 24. Kh2 Rae8 25. Nxd5 cxd5 26. Nxf5 Bxf5 27. Bxf5 Re2 28. Qc3 Qg7 29. Qg3 Rxb2 30. Qxg7+ Kxg7 1/2-1/2

[Event "Open Aubagne 2024/25"]
[White "Mouhieddine, Hocine"]
[Black "Maffone, Jean-Charles"]
[Site "AubagneGNE"]
[Round "5.2"]
[Board "2"]
[Result "1-0"]
[Date "2024.12.14"]
[WhiteElo "1842"]
[BlackElo "1692"]
[PlyCount "187"]
[GameId "2123084508758062"]
[WhiteTeam "Cassis Echecs"]
[BlackTeam "Cercle d'Echecs Aubagnais"]

1. d4 Nf6 2. Nf3 d5 3. Bf4 c5 4. c3 Nc6 5. e3 Qb6 6. Qb3 c4 7. Qxb6 axb6 8. Nbd2 Bf5 9. a3 b5 10. Rc1 h6 11. h3 e6 12. Be2 Nd7 13. O-O Be7 14. Rfe1 O-O 15. Bd1 Nf6 16. Bc2 Bxc2 17. Rxc2 Nh5 18. Bh2 f5 19. Ne5 Nxe5 20. Bxe5 Nf6 21. g3 Nd7 22. Kg2 Rf7 23. Nf3 Raf8 24. Ng1 Nxe5 25. dxe5 Bc5 26. f4 Ra8 27. Nf3 g6 28. Nd4 Bxd4 29. exd4 b6 30. Kf3 Kf8 31. Ke3 Ke7 32. g4 Rg7 33. Rg1 Rag8 34. Rcg2 Kf7 35. Kf3 Re8 36. gxf5 exf5 37. h4 h5 38. Ke3 Re6 39. Rb1 Rg8 40. Kd2 Ra8 41. Kc2 Rc6 42. Ra1 Ra7 43. Re2 Ke6 44. Rg1 Rg7 45. Reg2 Kf7 46. Ra1 Rg8 47. a4 bxa4 48. Rxa4 Rgc8 49. Rg1 R8c7 50. Rga1 Ke6 51. Ra8 Rc8 52. R1a7 Rxa8 53. Rxa8 Ke7 54. Ra7+ Ke8 55. Rb7 Kd8 56. Rg7 Ke8 57. Kb1 Kd8 58. Ka2 Kc8 59. Ka3 Re6 60. Kb4 Kd8 61. Kb5 Kc8 62. Rf7 Kd8 63. Rb7 Ke8 64. Kb4 Kd8 65. b3 cxb3 66. Kxb3 Rc6 67. Rg7 Ke8 68. Rg8+ Ke7 69. Ra8 Rc4 70. Ra7+ Ke8 71. Kc2 Rc6 72. Kd3 Kd8 73. Rb7 Kc8 74. Rg7 Kd8 75. c4 Rxc4 76. Rxg6 Rb4 77. Rd6+ Ke7 78. Rxd5 Rb3+ 79. Ke2 Rb2+ 80. Kd3 Rb3+ 81. Kc4 Rh3 82. Rb5 Rxh4 83. Rxb6 Rxf4 84. Kd5 h4 85. Rb7+ Kf8 86. e6 h3 87. Rh7 Rf3 88. Ke5 Kg8 89. Rh4 Kg7 90. Kd6 Ra3 91. d5 Ra6+ 92. Ke5 Ra5 93. Rxh3 f4 94. Rf3 1-0

[Event "Open Aubagne 2024/25"]
[White "Vrillet, Sylvain"]
[Black "Khojasteh, Armand"]
[Site "AubagneGNE"]
[Round "5.3"]
[Board "3"]
[Result "1-0"]
[Date "2024.12.14"]
[WhiteElo "1769"]
[BlackElo "1537"]
[PlyCount "107"]
[GameId "2123122809823305"]
[WhiteTeam "Cercle d'Echecs Aubagnais"]
[BlackTeam "Club Provence Echecs"]

1. e4 e5 2. Nf3 Nc6 3. Bb5 a6 4. Ba4 Nf6 5. O-O b5 6. Bb3 Be7 7. d4 d6 8. c3 h6 9. h3 O-O 10. Re1 Na5 11. Bc2 Bb7 12. Nbd2 Nc6 13. d5 Nb8 14. c4 bxc4 15. Ba4 c6 16. dxc6 Nxc6 17. Nxc4 Na7 18. Bc2 Rb8 19. Be3 Nc8 20. Nfd2 Qc7 21. Rc1 d5 22. exd5 e4 23. Nxe4 Nxe4 24. Bxe4 f5 25. Bf3 f4 26. Bd4 Qd8 27. Be5 Bd6 28. Nxd6 Nxd6 29. Qd3 Rc8 30. Qg6 Nf5 31. Be4 Qg5 32. Bxf5 Rxf5 33. Qe6+ Kh7 34. Rxc8 Bxc8 35. Qxc8 Rxe5 36. Rxe5 Qxe5 37. Qc2+ Kh8 38. Qd2 Qd6 39. b4 h5 40. a4 Kg8 41. Qd4 g5 42. b5 axb5 43. axb5 g4 44. hxg4 hxg4 45. Qe4 Kg7 46. Qe6 Qc7 47. Qxg4+ Kh7 48. Qe6 Qc1+ 49. Kh2 Qd1 50. d6 Qd4 51. d7 Qxf2 52. d8=Q Qg3+ 53. Kg1 f3 54. Qf7+ 1-0

[Event "Open Aubagne 2024/25"]
[White "Vrillet, Loan"]
[Black "Deregnaucourt, Yves"]
[Site "AubagneGNE"]
[Round "5.4"]
[Board "4"]
[Result "1-0"]
[Date "2024.12.14"]
[WhiteElo "1669"]
[BlackElo "1708"]
[PlyCount "69"]
[GameId "2123122892226647"]
[WhiteTeam "Cercle d'Echecs Aubagnais"]
[BlackTeam "Cercle d'Echecs Aubagnais"]

1. e4 e5 2. Nf3 Nc6 3. Bb5 Bc5 4. O-O Nd4 5. Nxd4 Bxd4 6. c3 Bb6 7. d4 c6 8. Bc4 d6 9. Be3 Nf6 10. Qf3 Qe7 11. Nd2 Bd7 12. Bb3 Bg4 13. Qg3 h5 14. f3 h4 15. Qf2 Bd7 16. Nc4 Bc7 17. dxe5 dxe5 18. Bc5 Qd8 19. Nd6+ Bxd6 20. Bxd6 Be6 21. Bxe5 Nd7 22. Bd4 Qa5 23. f4 c5 24. Be5 c4 25. Bd4 f6 26. Bc2 O-O-O 27. b4 Qh5 28. f5 Bf7 29. Bd1 Qh7 30. Bg4 Ne5 31. Bxe5 fxe5 32. Qxa7 Kc7 33. b5 Rd2 34. Qc5+ Kd7 35. f6+ 1-0

[Event "Open Aubagne 2024/25"]
[White "Belaid, Noa"]
[Black "Gomez, Guy"]
[Site "AubagneGNE"]
[Round "5.5"]
[Board "5"]
[Result "1-0"]
[Date "2024.12.14"]
[WhiteElo "1654"]
[BlackElo "1633"]
[PlyCount "83"]
[GameId "2123122977185893"]
[WhiteTeam "Hay Chess"]
[BlackTeam "Cercle d'Echecs Aubagnais"]

1. e4 e5 2. Nf3 d6 3. Nc3 Nf6 4. d4 Bg4 5. dxe5 Bxf3 6. gxf3 dxe5 7. Qxd8+ Kxd8 8. Bc4 Bc5 9. Bg5 Nbd7 10. Bxf7 h6 11. Bxf6+ Nxf6 12. Rd1+ Ke7 13. Bc4 c6 14. Rg1 g5 15. Ke2 Nh5 16. Kf1 Rhf8 17. Be2 Nf4 18. Rg3 Rf6 19. Na4 Bb4 20. c3 Ba5 21. b4 Bb6 22. Nxb6 axb6 23. Bc4 Nh5 24. Rh3 Nf4 25. Rg3 Nh5 26. Rg2 Nf4 27. Rg4 b5 28. Bb3 Ng6 29. Ke2 Nh4 30. Rg3 Raf8 31. Rd3 g4 32. Rxg4 Nxf3 33. Rg7+ Ke8 34. Rdd7 Ng1+ 35. Kd1 Rh8 36. Rxb7 Rd6+ 37. Kc2 Nf3 38. Rb8+ Rd8 39. Bf7+ Kf8 40. Rxd8+ Kxg7 41. Rxh8 Kxh8 42. Be8 1-0

[Event "Open Aubagne 2024/25"]
[White "Cescon, Moreno"]
[Black "Gamblin, Vincent"]
[Site "AubagneGNE"]
[Round "5.6"]
[Board "6"]
[Result "1-0"]
[Date "2024.12.14"]
[WhiteElo "1762"]
[BlackElo "1632"]
[PlyCount "58"]
[GameId "2123123061018739"]
[WhiteTeam "Club d'Echecs Pennois (CEP)"]
[BlackTeam "L'Echiquier du Roy René"]

1. e4 c5 2. Nc3 Nc6 3. f4 e6 4. Nf3 Nge7 5. Bc4 d5 6. exd5 exd5 7. Bb5 a6 8. Bxc6+ bxc6 9. O-O f6 10. Re1 Kf7 11. h3 Nf5 12. d4 cxd4 13. Na4 Qa5 14. b3 Ne3 15. Bxe3 dxe3 16. Nd4 Bd7 17. Rxe3 Bd6 18. Qe2 Rhe8 19. Re1 Rxe3 20. Qh5+ Kg8 21. Rxe3 Qd2 22. Rd3 Qe1+ 23. Kh2 Bxf4+ 24. g3 Qxg3+ 25. Rxg3 Bxg3+ 26. Kxg3 Re8 27. Qf3 Re4 28. c3 Re1 29. Nc5 Be8 1-0

[Event "Open Aubagne 2024/25"]
[White "Benezra, David"]
[Black "Kuntz, Tom"]
[Site "AubagneGNE"]
[Round "5.9"]
[Board "9"]
[Result "0-1"]
[Date "2024.12.14"]
[WhiteElo "1633"]
[BlackElo "1399"]
[PlyCount "90"]
[GameId "2123123242930333"]
[WhiteTeam "L'Echiquier du Roy René"]
[BlackTeam "Marseille Passion Echecs"]

1. Nf3 d5 2. g3 Nf6 3. d3 h6 4. Bg2 e6 5. O-O Bd6 6. Nbd2 e5 7. e4 d4 8. Nc4 Qe7 9. a4 b6 10. Nh4 g6 11. f4 Nbd7 12. fxe5 Nxe5 13. Nxd6+ cxd6 14. h3 Bb7 15. Nf3 Nc6 16. Qe1 Nd7 17. Qf2 Qf6 18. b3 Nde5 19. Qd2 Nxf3+ 20. Rxf3 Qe5 21. Qf2 Rh7 22. Bf4 Qe7 23. Bd2 g5 24. Rf1 Rd8 25. Rf6 Rd7 26. Qf5 Rg7 27. Rxh6 Kd8 28. Rf6 g4 29. h4 Qe5 30. Qf2 Qe7 31. Bg5 Kc7 32. Rf5 Qe6 33. Rf6 Qe8 34. Rf4 Qe6 35. Rf6 Qe8 36. Bh6 Rg6 37. Rxg6 fxg6 38. Qf6 Ne5 39. Bf4 Rf7 40. Qg5 Qe6 41. Kh2 Bc8 42. Re1 Nf3+ 43. Bxf3 gxf3 44. Rh1 Qh3+ 45. Kg1 Qg2# 0-1

[Event "Open Aubagne 2024/25"]
[White "Roger, Patrick"]
[Black "Periale, Albert"]
[Site "AubagneGNE"]
[Round "5.10"]
[Board "10"]
[Result "1-0"]
[Date "2024.12.14"]
[WhiteElo "1724"]
[BlackElo "1480"]
[PlyCount "27"]
[GameId "2123123352690860"]
[WhiteTeam "Echiquier Marseillais 1872"]
[BlackTeam "Cercle d'Echecs Aubagnais"]

1. e4 e6 2. d4 d5 3. Nc3 c5 4. dxc5 Bxc5 5. exd5 exd5 6. Qxd5 Qxd5 7. Nxd5 Bd6 8. Bd3 Nc6 9. Nf3 f6 10. Be3 Nge7 11. Nxe7 Nxe7 12. O-O-O O-O 13. Bc4+ Kh8 14. Rxd6 1-0

[Event "Open Aubagne 2024/25"]
[White "Hammami, Hakim"]
[Black "Engles, Pierre"]
[Site "AubagneGNE"]
[Round "5.11"]
[Board "11"]
[Result "1-0"]
[Date "2024.12.14"]
[WhiteElo "1399"]
[BlackElo "1673"]
[PlyCount "75"]
[GameId "2123123413213370"]
[WhiteTeam "Cercle d'Echecs Aubagnais"]
[BlackTeam "Hay Chess"]

1. e4 Nf6 2. e5 Nd5 3. Bc4 Nb6 4. Bb3 e6 5. d4 c5 6. c3 cxd4 7. cxd4 d6 8. Nf3 dxe5 9. Nxe5 N8d7 10. O-O Bd6 11. Re1 Qc7 12. Bf4 f6 13. Qh5+ Ke7 14. Qf7+ Kd8 15. Qxg7 Nxe5 16. Qxh8+ Ke7 17. dxe5 Bxe5 18. Qxh7+ Kd6 19. Rd1+ Nd5 20. Qxc7+ Kxc7 21. Bxe5+ fxe5 22. Bxd5 exd5 23. Rxd5 Bd7 24. Nd2 Re8 25. Re1 Bc6 26. Rdxe5 Rd8 27. Nb3 Kb6 28. h4 a5 29. Rxa5 Bb5 30. Re6+ Bc6 31. g4 Rg8 32. Rg5 Rf8 33. Nd4 Rf4 34. Nxc6 bxc6 35. Kg2 Kc7 36. Rg7+ Kb6 37. Rgg6 Rc4 38. Rxc6+ 1-0

[Event "Open Aubagne 2024/25"]
[White "Roux, Jean-Marie"]
[Black "Autouard, Jean-Luc"]
[Site "AubagneGNE"]
[Round "5.12"]
[Board "12"]
[Result "0-1"]
[Date "2024.12.14"]
[WhiteElo "1498"]
[BlackElo "1551"]
[PlyCount "52"]
[GameId "2123123478847688"]
[WhiteTeam "L'Echiquier du Roy René"]
[BlackTeam "Cercle d'Echecs Aubagnais"]

1. e4 c5 2. Nf3 e6 3. Nc3 Be7 4. Bc4 a6 5. d3 d6 6. Bf4 b5 7. Bb3 e5 8. Be3 Nf6 9. Qd2 O-O 10. h4 Nc6 11. O-O-O Nd4 12. Bxd4 cxd4 13. Ne2 a5 14. a3 a4 15. Ba2 Qc7 16. Kb1 Rb8 17. Rdg1 Ng4 18. Ng3 g6 19. h5 b4 20. axb4 d5 21. Bxd5 Bxb4 22. Qc1 Ba3 23. Qg5 Rxb2+ 24. Ka1 Rxc2 25. hxg6 Qc3+ 26. Kb1 Qb2# 0-1

[Event "Open Aubagne 2024/25"]
[Site "Aubagne"]
[Date "2024.12.14"]
[Round "5.13"]
[White "Dessagnes, Enzo"]
[Black "Proud'Hon, Gabriel"]
[Result "1-0"]
[WhiteElo "1299"]
[BlackElo "1722"]
[PlyCount "87"]
[WhiteTeam "Cercle d'Echecs Aubagnais"]
[BlackTeam "Hay Chess"]

1. e4 c5 2. Nf3 d6 3. Bb5+ Nd7 4. Bxd7+ Bxd7 5. d3 g6 6. O-O Bg7 7. Nc3 Nf6 8.
h3 O-O 9. Be3 Bc6 10. Qd2 b6 11. Rfe1 Rc8 12. Bh6 Qc7 13. Qe3 Bxh6 14. Qxh6
Rfe8 15. Ng5 Qb7 16. f4 e5 17. Rf1 Qe7 18. f5 Rf8 19. Rf2 Rc7 20. Raf1 b5 21.
h4 b4 22. Ne2 Be8 23. Ng3 a5 24. h5 Rd7 25. c4 bxc3 26. bxc3 c4 27. dxc4 Rc7
28. fxg6 fxg6 29. hxg6 hxg6 30. Qh3 Bd7 31. Qh4 Qg7 32. Rd1 Rxc4 33. Rxd6 Rxc3
34. Ne6 Bxe6 35. Rxe6 g5 36. Qh3 Rc1+ 37. Kh2 Ng4+ 38. Qxg4 Rxf2 39. Re8+ Rf8
40. Qe6+ Kh8 41. Nh5 Rxe8 42. Qxe8+ Qg8 43. Qxe5+ Kh7 44. Nf6+ 1-0

[Event "Open Aubagne 2024/25"]
[Site "Aubagne"]
[Date "2024.12.14"]
[Round "5.14"]
[White "Normand, Christophe"]
[Black "Roganova, Jeremy"]
[Result "1-0"]
[WhiteElo "1547"]
[BlackElo "1449"]
[PlyCount "71"]
[WhiteTeam "Club d'Echecs Pennois (CEP)"]
[BlackTeam "Cercle d'Echecs Aubagnais"]

1. e4 c5 2. Nc3 a6 3. f4 b5 4. Nf3 Bb7 5. d3 e6 6. a4 b4 7. Ne2 d5 8. Ng3 dxe4
9. Nxe4 Bxe4 10. dxe4 Qxd1+ 11. Kxd1 Nf6 12. e5 Ng4 13. Ke2 Nc6 14. h3 Nh6 15.
g4 f6 16. exf6 gxf6 17. Bg2 Rd8 18. b3 Nd4+ 19. Nxd4 Rxd4 20. Be3 Rd8 21. Rad1
Bd6 22. f5 Nf7 23. fxe6 Ne5 24. Rhf1 Ke7 25. Bd5 Rc8 26. Bh6 Rhg8 27. Rf2 c4
28. bxc4 Nxc4 29. Rdf1 Be5 30. g5 Rg6 31. Be4 Bd4 32. gxf6+ Bxf6 33. Bxg6 hxg6
34. Rxf6 Ne5 35. Bf8+ Kd8 36. Bxb4 1-0

[Event "Open Aubagne 2024/25"]
[White "Pala, Gerard"]
[Black "Bouidh, Sonia"]
[Site "AubagneGNE"]
[Round "5.15"]
[Board "15"]
[Result "0-1"]
[Date "2024.12.14"]
[WhiteElo "1539"]
[BlackElo "1475"]
[PlyCount "64"]
[GameId "2123123676840178"]
[WhiteTeam "Cercle d'Echecs Aubagnais"]
[BlackTeam "Marseille Passion Echecs"]

1. d4 Nf6 2. Nc3 d5 3. Bf4 Bd7 4. Nf3 e6 5. e3 a6 6. Bd3 Be7 7. Qd2 b5 8. Ne5 Bc8 9. e4 c6 10. a3 O-O 11. h3 Qb6 12. Be3 c5 13. dxc5 Bxc5 14. Bxc5 Qxc5 15. O-O d4 16. f4 dxc3+ 17. Qf2 Qc7 18. b3 Nfd7 19. Nf3 Nc5 20. Ne5 Nbd7 21. Rad1 Nxe5 22. fxe5 Qxe5 23. Rfe1 Bb7 24. Qe2 Rad8 25. b4 Nxd3 26. cxd3 f5 27. Kh1 fxe4 28. dxe4 Rxd1 29. Rxd1 Qxe4 30. Qxe4 Bxe4 31. Rc1 c2 32. Kh2 Rd8 0-1

[Event "Open Aubagne 2024/25"]
[White "Pretini, Augustin"]
[Black "Engles, Baptiste"]
[Site "AubagneGNE"]
[Round "5.17"]
[Board "17"]
[Result "0-1"]
[Date "2024.12.14"]
[WhiteElo "1488"]
[BlackElo "1299"]
[PlyCount "76"]
[GameId "2123123810783502"]
[WhiteTeam "Cercle d'Echecs Aubagnais"]
[BlackTeam "Hay Chess"]

1. d4 d5 2. c4 c6 3. Nc3 Nf6 4. Bf4 Bf5 5. e3 e6 6. h4 h5 7. Nf3 Nbd7 8. Be2 Be7 9. Ne5 Nxe5 10. dxe5 Ng4 11. cxd5 cxd5 12. e4 dxe4 13. Qa4+ Kf8 14. Rd1 Qb6 15. Bxg4 Bxg4 16. Rd2 Rd8 17. Rxd8+ Bxd8 18. Nb5 a6 19. Be3 Qa5+ 20. Qxa5 Bxa5+ 21. Nc3 Bxc3+ 22. bxc3 Ke7 23. Kd2 Rc8 24. a4 Kd7 25. Bd4 Kc6 26. c4 Kd7 27. Ke3 Rxc4 28. Kxe4 Bf5+ 29. Ke3 Rxa4 30. Rd1 Bc2 31. Rd2 Bb3 32. Kf4 Bd5 33. f3 b5 34. Kg5 g6 35. Kf6 Ke8 36. Rc2 Rxd4 37. Rc8+ Kd7 38. Rc5 Rc4 0-1

[Event "Open Aubagne 2024/25"]
[White "Jardel, Stephane"]
[Black "Giraudoux Lognos, Lina"]
[Site "AubagneGNE"]
[Round "5.18"]
[Board "18"]
[Result "1-0"]
[Date "2024.12.14"]
[WhiteElo "1399"]
[BlackElo "1477"]
[PlyCount "56"]
[GameId "2123123864514844"]
[WhiteTeam "Cercle d'Echecs Aubagnais"]
[BlackTeam "Cercle d'Echecs Aubagnais"]

1. c4 c5 2. Nc3 Nc6 3. g3 Nf6 4. Bg2 d6 5. Nf3 g6 6. O-O Bg7 7. d3 O-O 8. Bd2 Bd7 9. Qc2 Re8 10. e3 a6 11. Ne2 Nb4 12. Qb1 Qc8 13. a3 Nc6 14. d4 Bh3 15. dxc5 dxc5 16. Rd1 Bxg2 17. Kxg2 Qc7 18. Nf4 e6 19. Qc2 Na5 20. b4 cxb4 21. Bxb4 Nxc4 22. Rac1 Rac8 23. Qb3 b5 24. Nd3 Qc6 25. Nde5 Qe4 26. Rd4 Nxe3+ 27. fxe3 Rxc1 28. Rxe4 Nxe4 1-0

[Event "Open Aubagne 2024/25"]
[White "Moerenhout, Jean Claude"]
[Black "Peucelle, Richard"]
[Site "AubagneGNE"]
[Round "5.19"]
[Board "19"]
[Result "1-0"]
[Date "2024.12.14"]
[WhiteElo "1540"]
[BlackElo "1399"]
[PlyCount "61"]
[GameId "2123123917549866"]
[WhiteTeam "Cercle d'Echecs Aubagnais"]
[BlackTeam "Cercle d'Echecs Aubagnais"]

1. d4 d5 2. c4 dxc4 3. e4 e6 4. Bxc4 Nc6 5. Nf3 Bb4+ 6. Nc3 Nf6 7. O-O O-O 8. a3 Ba5 9. b4 Bb6 10. Be3 e5 11. Na4 Nxe4 12. Nxb6 axb6 13. Qc2 Nf6 14. Rfd1 Ne7 15. dxe5 Bf5 16. Qb3 Qc8 17. exf6 gxf6 18. Bh6 Rd8 19. Bxf7+ Kh8 20. Qb2 Ng8 21. Bxg8 Rf8 22. Bb3 Be6 23. Bxf8 Qxf8 24. Bxe6 Re8 25. Ng5 Qg7 26. Nf7+ Kg8 27. Nh6+ Kh8 28. Nf5 Qf8 29. Re1 Rxe6 30. Rxe6 Qf7 31. Rxf6 1-0

[Event "Open Aubagne 2024/25"]
[White "Innocenti, Georges"]
[Black "Turpin, Isabelle"]
[Site "AubagneGNE"]
[Round "5.20"]
[Board "20"]
[Result "1-0"]
[Date "2024.12.14"]
[WhiteElo "1399"]
[BlackElo "1450"]
[PlyCount "81"]
[GameId "2123123973648696"]
[WhiteTeam "Cercle d'Echecs Aubagnais"]
[BlackTeam "Cercle d'Echecs Aubagnais"]

1. e4 c5 2. Nc3 e6 3. Nf3 Nc6 4. Bb5 Qc7 5. g3 Bd6 6. Qe2 Nd4 7. Nxd4 cxd4 8. Nd1 a6 9. Bd3 h5 10. c3 dxc3 11. Nxc3 h4 12. Qf1 Nf6 13. Qh3 g5 14. f4 g4 15. Qg2 h3 16. Qe2 b6 17. e5 Bb7 18. exd6 Qxd6 19. Rf1 Bg2 20. Rf2 Bf3 21. Rxf3 gxf3 22. Qxf3 Rc8 23. Kd1 Qd4 24. Qe3 Qd6 25. Ne4 Nxe4 26. Qxe4 Kd8 27. b3 Rh5 28. Bb2 Qc5 29. Bd4 Qa3 30. Ke2 d6 31. b4 Qxb4 32. Bxb6+ Ke7 33. Qxb4 e5 34. Qe4 Kd7 35. Qb7+ Rc7 36. Qxc7+ Ke6 37. Re1 exf4 38. Kd1+ Kf6 39. Bd4+ Kg5 40. Qe7+ Kh6 41. Qf6# 1-0